| 000 | 01076nam a2200301 i 4500 | ||
|---|---|---|---|
| 003 | DO-SdBNP | ||
| 005 | 20240530073937.0 | ||
| 007 | ta | ||
| 008 | 220607e2022 dr ab||gr|||| 001 e spa d | ||
| 020 | _a9789945610550 | ||
| 040 |
_aDO-SdBNP _bspa _cBNPHU _erda |
||
| 082 | 4 |
_a320.54 _bG216n, 2022 _222 |
|
| 100 | 1 |
_aGarcía, Juan Jorge _976429 _eautor |
|
| 245 | 1 | 3 |
_aLa nacionalidad dominicana : _bevolución histórica / _cJuan Jorge García. |
| 264 |
_aSanto Domingo : _bTribunal Constitucional, _c2022 |
||
| 300 |
_a260 página : _bilustraciones, mapas ; _c23 cm. |
||
| 336 |
_2rdacontent _atexto _btxt |
||
| 337 |
_2rdamedia _asin mediación _bn |
||
| 338 |
_2rdacarrier _avolumen _bnc |
||
| 500 | _aIncluye referencias bibliográficas y notas al pie de las páginas. | ||
| 504 | _aBibliografía : p. 259- 260 | ||
| 590 | _aInventariado 2022 / MF | ||
| 650 | 0 |
_aEnsayos dominicanos _965 |
|
| 650 | 4 |
_964470 _aCiudadanía _xHistoria _zRepública Dominicana |
|
| 650 | 4 |
_911657 _aIdenitidad Nacional _xHistoria _zRepública Dominicana |
|
| 910 | _aMFeliz | ||
| 942 |
_2ddc _cLBS1 |
||
| 999 |
_c51950 _d51950 |
||